logo

Bir Sreshtho Munshi Abdur Rouf Library
Jhenaidah Cadet College

ExpressWays 2 / (Record no. 8776)

MARC details
000 -LEADER
fixed length control field 00878pam a2200289 a 4500
001 - CONTROL NUMBER
JCCL Control Number 8776
003 - CONTROL NUMBER IDENTIFIER
JCCL marc code BD-JhCC
005 - DATE AND TIME OF LATEST TRANSACTION
control field 20180303200132.0
008 - FIXED-LENGTH DATA ELEMENTS--GENERAL INFORMATION
fixed length control field 950926s1996 njua 001 0 eng
020 ## - INTERNATIONAL STANDARD BOOK NUMBER
International Standard Book Number 0133853373 (soft cover : alk. paper)
035 ## - SYSTEM CONTROL NUMBER
system control number (BD-JhCC)8776
040 ## - CATALOGING SOURCE
Original cataloging agency DLC
Transcribing agency DLC
Modifying agency DLC
-- BD-JhCC
041 ## - LANGUAGE CODE
Language code of Book eng
050 00 - LIBRARY OF CONGRESS CALL NUMBER
Classification number PE1128
Item number .M6753 1996
082 00 - DEWEY DECIMAL CLASSIFICATION NUMBER
Classification number 428.2/4
DDC Edition number 20
Author mark and Year MOL 1996
100 1# - MAIN ENTRY--PERSONAL NAME
Personal name Molinsky, Steven J.
245 10 - TITLE STATEMENT
Title ExpressWays 2 /
Statement of responsibility, etc Steven J. Molinsky, Bill Bliss ; contributing author, Ann Kennedy.
246 3# - VARYING FORM OF TITLE
Title proper/short title Express ways 2
250 ## - EDITION STATEMENT
Edition statement 2nd ed.
260 ## - PUBLICATION, DISTRIBUTION, ETC. (IMPRINT)
Place of publication, distribution, etc Upper Saddle River, N.J. :
Name of publisher, distributor, etc Prentice Hall Regents,
Date of publication, distribution, etc c1996.
300 ## - PHYSICAL DESCRIPTION
Pagination xiv, 190 p. :
Other physical details col. ill. ;
Dimensions 28 cm.
500 ## - GENERAL NOTE
General note Includes index.
650 #0 - SUBJECT ADDED ENTRY--TOPICAL TERM
Topical term or geographic name as entry element English language
General subdivision Textbooks for foreign speakers.
700 1# - ADDED ENTRY--PERSONAL NAME
Personal name Bliss, Bill.
942 ## - ADDED ENTRY ELEMENTS (KOHA)
Source of classification or shelving scheme Dewey Decimal Classification
Koha item type Books
Holdings
Source of classification or shelving scheme Damaged status Not for loan Home library Current library Shelving location Total Checkouts Full call number Barcode Date last seen Copy number Koha item type
Dewey Decimal Classification     JCC Rouf Library JCC Rouf Library General Stacks   428.2/4 MOL 1996 11718 03/03/2018 C - 1 Books

JCC Library | Contacts | JCC Home

Last Update on 23 September 2017
Copyright @ 2017-2020 JCC Rouf Library
Rouf Library, Jhenidah Cadet College (JCC), Bangladesh